Music Quiz

Random Music Quiz

Who composed these Concertos? Quiz Stats

 Plays Quiz not verified by Sporcle

Score 0/20 Timer 10:00
0 Plays Today
Concerto Composer % Correct
Triple Concerto for Violin, Cello and Piano in C MajorLudwig van Beethoven
81.2%
Horn Concerto No. 4 in E Flat MajorWolfgang Amadeus Mozart
79.7%
Cello Concerto in E MinorEdward Elgar
78.3%
Trumpet Concerto in E Flat MajorJoseph Haydn
71%
Flute Concerto No. 1 in G MajorWolfgang Amadeus Mozart
66.7%
Cello Concerto No. 2 in B MinorAntonin Dvorak
63.8%
Bassoon Concerto in B Flat MajorWolfgang Amadeus Mozart
62.3%
Double Concerto for Violin and Cello in A MinorJohannes Brahms
62.3%
Violin Concerto in D MajorPyotr Ilyich Tchaikovsky
59.4%
Piano Concerto in G major (Jazz influenced)Maurice Ravel
52.2%
Concerto Composer % Correct
Concierto de Aranjuez/Guitar ConcertoJoaquin Rodrigo
46.4%
Trumpet Concerto in E MajorJohann Nepomuk Hummel
42%
Tuba Concerto in F MinorRalph Vaughan Williams
34.8%
Alto Saxophone Concerto in E Flat MajorAlexander Glazunov
30.4%
Concerto in B Flat for Trombone and Military BandNikolai Rimsky-Korsakov
23.2%
Piano Concerto in B Flat Major for left handSergei Prokofiev
23.2%
Piano Concerto in C sharp MinorNikolai Rimsky-Korsakov
10.1%
Tuba ConcertoEdward Gregson
2.9%
Tenor Saxophone Concerto for Stan GetzRichard Rodney Bennett
2.9%
Marimba ConcertoPaul Creston
1.4%

You're not logged in!

Compare scores with friends on all Sporcle quizzes.
OR
Log In

Show Comments

Extras

Created Aug 24, 2012ReportNominate
Tags:composed, composer, concerto

Top Quizzes Today


Score Distribution

Your Account Isn't Verified!

In order to create a playlist on Sporcle, you need to verify the email address you used during registration. Go to your Sporcle Settings to finish the process.

Report this User

Report this user for behavior that violates our Community Guidelines.

Details: